| 000 | 00591nam a2200193 a 4500 | ||
|---|---|---|---|
| 005 | 20140310183318.0 | ||
| 008 | 041125s19uu xx 00 eng d | ||
| 020 | _a9718523243 | ||
| 050 |
_aQA 76.73 _b.D278 2004 |
||
| 100 | _aDe La Rosa, Jerald Herrera | ||
| 245 |
_aSimple program logic formulation : _bfully illustrated / _cJerald Herrera De La Rosa. |
||
| 260 |
_aValenzuela City : _bAndes Mountain Printers, _c2004. |
||
| 300 |
_a223 p. : _bill. ; _c23 cm. |
||
| 521 | _aIT | ||
| 650 | _aComputer programming. | ||
| 650 | _aLogic design. | ||
| 942 |
_cBK _2lcc _kLOC |
||
| 999 |
_c21334 _d21334 |
||